Cronicas de Puerto Rico : (Registro nro. 12992)

Detalles MARC
000 -LIDER
fixed length control field 00769nam a22002177a 4500
003 - IDENTIFICACDOR DE NÚMERO DE CONTROL
control field DO-SdBNP
005 - DATE AND TIME OF LATEST TRANSACTION
control field 20231123082241.0
008 - ELEMENTOS DE LONGITUD FIJA
fixed length control field 161031b1976 pr a 00| 0 spa d
020 ## - ISBN
International Standard Book Number 0847708114
040 ## - FUENTE DE CATALOGACIÓN
Agencia que crea de manera original el registro BPMSU
Idioma de catalogación spa
Agencia que realiza la transcripción BPMSU
082 ## - NÚMERO DE CLASIFICACIÓN DECIMAL DE DEWEY
Classification number 972.95
Item number F363c 1976
Edition number 22
100 1# - ASIENTO PRINCIPAL -- NOMBRE PERSONAL
Nombre personal Fernández Méndez, Eugenio.
245 00 - MENCIÓN DE TITULO
Título Cronicas de Puerto Rico :
Subtítulo desde la conquista hasta nuestros días (1493-1955) /
Mención de responsabilidad selección, introd. y notas por Eugenio Fernández Méndez.
250 ## - MENCIÓN DE EDICION
Mención de edición
260 ## - PUBLICACIÓN, DISTRIBUCIÓN, ETC. (PIE DE IMPRENTA)
Lugar de publicación, distribución, etc Puerto Rico :
Nombre del editor, distribuidor, etc. Editorial U.P.R. ;
-- Universidad de Puerto Rico,
Fecha de publicación, distribución, etc 1976
300 ## - DESCRIPCIÓN FÍSICA
Extensión 694 p. :
Otros detalles físicos il.
Dimensiones 23 cm.
590 ## - NOTA LOCAL
Texto de la nota local Inventariado, 2023/VM
651 #4 - ENCABEZAMIENTO DE MATERIA--NOMBRE GEOGRÁFICO
Nombre geográfico Puerto Rico
Subdivisión temática general Historia
Subdivisión de forma Fuentes.
910 ## - VALIDACIÓN
Validación YLOCKWARD/ VMateo V. Control de calidad. BPMSU
942 ## - ADDED ENTRY ELEMENTS (KOHA)
Source of classification or shelving scheme Dewey Decimal Classification
Koha item type Libros
Existencias
Withdrawn status Lost status Source of classification or shelving scheme Damaged status Not for loan Collection code Home library Current library Date acquired Source of acquisition Total Checkouts Full call number Barcode Date last seen Price effective from Koha item type
    Dewey Decimal Classification     Colección General Biblioteca Pública Metropolitana Salomé Ureña Biblioteca Pública Metropolitana Salomé Ureña 11/21/2017 FUNDI   BPMSU CG 972.95 F363c 1976 BPMSU17110307 11/21/2017 11/21/2017 Libros